The Roman world, 44 BC-AD 180
Αποθηκεύτηκε σε:
| Κύριος συγγραφέας: | |
|---|---|
| Μορφή: | Βιβλίο |
| Γλώσσα: | English |
| Δημοσίευση: |
London :
Routledge,
1997
|
| Σειρά: | Routledge history of the ancient world
|
| Θέματα: | |
| Ετικέτες: |
Προσθήκη ετικέτας
Δεν υπάρχουν, Καταχωρήστε ετικέτα πρώτοι!
|
MARC
| LEADER | 00000nam a2200000 i 4500 | ||
|---|---|---|---|
| 001 | 1/91290 | ||
| 008 | 080721s1997 eng d | ||
| 020 | |a 0-415-04969-5 | ||
| 035 | |l 10099101 | ||
| 040 | |a GR-MY-UA |b gre |e aacr | ||
| 041 | 0 | |a eng | |
| 082 | 0 | |a 937 |2 (22) | |
| 100 | 1 | |a Goodman, Martin |d 1953- | |
| 245 | 1 | 4 | |a The Roman world, 44 BC-AD 180 / |c Martin Goodman ; with the assistance of Jane Sherwood |
| 260 | |a London : |b Routledge, |c 1997 | ||
| 300 | |a xxiii, 380 σ.; |b εικ., χάρτες ; |c 24 εκ. | ||
| 490 | 1 | |a Routledge history of the ancient world | |
| 504 | |a Βιβλιογραφία: σ. 359-365 | ||
| 504 | |a Ευρετήριο: σ. 367-380 | ||
| 651 | 0 | |a Rome |x Civilization. | |
| 651 | 0 | |a Rome |x History |y Republic, 265-30 B.C. | |
| 651 | 0 | |a Rome |x History |y Empire, 30 B.C.-284 A.D. | |
| 830 | 0 | |a Routledge history of the ancient world | |
| 852 | |a INST |b LESVOS |e 20080721 |h 937 GOO |p 005100042747 |q 005100042747 |t BK |y 0 | ||
| 901 | |a BIBL1-2008-2 | ||
| 909 | |a Λ |b 145175 | ||
| 922 | |a 1ΕΛΗ |b 200801 |c ΕΠΕΑΕΚ2/ΤΚΑ |d ΕΛΕΥΘΕΡΟΥΔΑΚΗΣ | ||
| 970 | |a ΧΑΤΖΗΜΙΧΑΗΛ |b ΜΑΡΙΑ |z 2008/07/21 | ||